Lyrics: The Saga Begins-Weird Al Yankovic - Statistics

General Stats
  • This quiz has been taken 203 times
  • The average score is 316 of 488
Answer Stats
Answer % Correct
A
99%
a
99%
I
98%
an
95%
in
90%
be
89%
he
89%
the
89%
and
88%
long
88%
time
88%
ago
86%
go
86%
me
85%
so
85%
her
83%
away
82%
far
82%
Qui-Gon
82%
this
82%
my
81%
to
81%
his
80%
some
80%
We
80%
we
80%
galaxy
79%
was
77%
Anakin
76%
guy
75%
here
75%
Jedi
75%
just
75%
maybe
75%
small
75%
Vader
75%
you
75%
fry
74%
say
74%
do
73%
later
73%
now
73%
gonna
72%
good
72%
he's
72%
where
71%
I'm
70%
on
70%
someday
70%
win
70%
it
69%
who
69%
they
68%
but
67%
can
67%
Qui-Gon Jinn
67%
us
67%
boy
66%
home
66%
see
65%
that
65%
were
65%
at
64%
kissed
64%
left
64%
saying
64%
soon
64%
too
64%
day
63%
goodbye
63%
him
63%
how
63%
Naboo
63%
could
61%
Queen
61%
mommy
60%
under
60%
know
59%
Tatooine
59%
all
58%
Did
58%
will
58%
Yoda
58%
JarJar
57%
of
57%
there
57%
though
57%
would
57%
force
56%
Force
56%
singing
56%
up
56%
pod
55%
took
55%
attack
54%
race
54%
still
54%
them
54%
your
54%
knew
53%
marry
53%
or
53%
their
53%
little
52%
from
51%
Oh
51%
oh
51%
she's
51%
train
51%
found
50%
met
50%
C-3PO
49%
our
49%
said
49%
want
49%
went
49%
with
49%
nine
48%
that's
48%
use
48%
federation
47%
fourteen
47%
I'll
47%
kill
47%
well
47%
built
46%
didnt
46%
its
46%
off
46%
old
46%
tried
46%
Darth Maul
45%
even
45%
fast
45%
plane
44%
probably
44%
doors
43%
hitting
43%
into
43%
isn't
43%
made
43%
war
43%
Amidala
42%
flew
42%
locked
42%
talk
42%
yes
42%
Council
41%
enough
41%
ghost
41%
slack
41%
thought
41%
thrill
41%
yeah
41%
escaped
40%
heard
40%
kid
40%
shave
40%
slave
40%
toast
40%
two
40%
because
39%
cutting
39%
ear
39%
guess
39%
most
39%
much
39%
bring
38%
broke
38%
died
38%
fear
38%
got
38%
I've
38%
junkyard
38%
place
38%
response
38%
teach
38%
admire
37%
balance
37%
listen
37%
saved
37%
started
37%
wanted
37%
wound
37%
end
36%
first
36%
gas
36%
pointy
36%
told
36%
stick
35%
back
34%
Boss Nass
34%
fought
34%
scale
34%
sensed
34%
wager
34%
before
33%
course
33%
Jabba
33%
midichlorians
33%
might
33%
scene
33%
true
33%
wasn't
33%
training
32%
blew
31%
broken
31%
forbid
31%
liked
31%
stay
31%
ace
30%
Battledroids
30%
Coruscant
30%
flying
30%
fried
30%
impressed
30%
ships
30%
tale
30%
hotshot
29%
bongo
28%
pilots
28%
prophecy
28%
epic
27%
fulfill
27%
would've
26%
interviewed
25%
minute
25%
frankly
24%
ride
24%
Theed
24%
lot
23%
finally
22%
prepubescent
22%
ahh
21%
folks
21%
caught
20%
croakin'
20%
Gunguns
17%
No matching quizzes found
Score Distribution
Percent of People with Each Score
Percentile by Number Answered
Your Score History
You have not taken this quiz